Najbezpieczniejsze kraje świata - Statystyki

Ogólne statystyki
  • Ten quiz został rozwiązany 634 razy
  • Średni wynik to 10 z 16
Statystyki odpowiedzi
Miejsce Kraj % Poprawnych
1 Islandia
80%
6 Norwegia
79%
2 Szwajcaria
78%
3 Finlandia
77%
13 Szwecja
77%
11 Kanada
71%
9 Dania
69%
16 Irlandia
58%
4 Portugalia
58%
5 Austria
57%
15 Hiszpania
55%
10 Nowa Zelandia
51%
14 Czechy
50%
12 Słowenia
41%
8 Singapur
33%
7 Katar
22%
Nie znaleziono quizów pasujących do podanych kryteriów
Rozkład punktacji
Procent ludzi z każdym wynikiem
Percentyl według liczby udzielonych odpowiedzi
Twoja historia wyników
Nie rozwiązałeś tego quizu